Central Library OPAC University of Rajshahi

The Bengal public demands recovery act, 1913 : (Record no. 9953)

MARC details
000 -LEADER
fixed length control field 00927cam a22002771 4500
001 - CONTROL NUMBER
control field 9953
003 - CONTROL NUMBER IDENTIFIER
rucl marc code BD-RjUL
005 - DATE AND TIME OF LATEST TRANSACTION
control field 20211208234854.0
008 - FIXED-LENGTH DATA ELEMENTS--GENERAL INFORMATION
fixed length control field 140122s1964 pk 000 0 eng
035 ## - SYSTEM CONTROL NUMBER
System control number (BD-RjUL)9999
System control number (OCoLC)24198301
040 ## - CATALOGING SOURCE
Original cataloging agency DLC
Transcribing agency ViU
Modifying agency DLC
-- BD-RjUL
Language of cataloging eng
041 ## - LANGUAGE CODE
Language code of text/sound track or separate title eng
082 ## - DEWEY DECIMAL CLASSIFICATION NUMBER
Edition number 347.3
Author mark and year BEN
110 1# - MAIN ENTRY--CORPORATE NAME
Corporate name or jurisdiction name as entry element East Pakistan (Pakistan)
9 (RLIN) 4541
245 14 - TITLE STATEMENT
Title The Bengal public demands recovery act, 1913 :
Remainder of title (Bengal act III of 1913), as modified up to the 30th September, 1963.
260 ## - PUBLICATION, DISTRIBUTION, ETC. (IMPRINT)
Place of publication, distribution, etc. Dacca :
Name of publisher, distributor, etc. East Pakistan Govt. Press,
Date of publication, distribution, etc. 1964.
300 ## - PHYSICAL DESCRIPTION
Pagination vi, 71 p. :
Illustrations ill. ;
Size 25 cm.
500 ## - GENERAL NOTE
General note At head of title: Govt. of East Pakistan. Law (Legislative) Dept.
650 #0 - SUBJECT ADDED ENTRY--TOPICAL TERM
Topical term or geographic name as entry element Tax collection
Geographic subdivision Bangladesh.
9 (RLIN) 18817
710 1# - ADDED ENTRY--CORPORATE NAME
Corporate name or jurisdiction name as entry element East Pakistan.
Subordinate unit Law Department.
9 (RLIN) 4399
942 ## - ADDED ENTRY ELEMENTS (KOHA)
Source of classification or shelving scheme Dewey Decimal Classification
Koha item type Books
Holdings
Lost status Source of classification or shelving scheme Damaged status Not for loan Collection code Permanent Location Current Location Shelving location Date acquired Source of acquisition Cost, normal purchase price Total Checkouts Full call number Date last seen Copy number Koha item type
  Dewey Decimal Classification     Non-fiction Central Library, University of Rajshahi Central Library, University of Rajshahi   04/03/1968 Warist book cor. 2.25   347.3 BEN 1964 22/01/2014 C-3 Books